000 00837nam a2200241Ia 4500
003 OSt
005 20220923215203.0
006 a|||||r|||| 00| 0
007 ta
008 220922b |||||||| |||| 00| 0 hin d
024 _a176,409
037 _cTextual
040 _aARTS
_cARTS
_bhin
041 _2hin
_ahin
082 _aO152,1:g, M81
100 _aगुप्त, दिनेश कुमार
245 0 _aस्वच्छन्दतावाद सिद्धान्त और सृजन
246 _aSvachchhandatāvād siddhānta aur sṛujana
260 _aनई दिल्ली
_b कादम्बरी प्रकाशन
_c1988
300 _a112 पृ.
_ccm.
942 _hO152,1:g, M81
_cTEXL
_2CC
999 _c329959
_d329959